00362nam a2200133Ia 4500008004100000041001200041082001600053100001700069245006900086260003500155300000700190650001200197700001900209221030s9999 xx 000 0 und d aEnglish a105.23bHef aL. R. Hefter 0aWhat Is Intellectual Property ?cby L. R. Hefter, R. D. Litowitz bAmerican EmbassyaNew Delhic0 a48 aGeneral aR. D. Litowitz